Detalles MARC
| 000 -LIDER |
| fixed length control field |
01203nam a2200337 a 4500 |
| 001 - NÚMERO DE CONTROL |
| Identificador de número de control |
000022412 |
| 003 - IDENTIFICACDOR DE NÚMERO DE CONTROL |
| control field |
DO-SdBPM |
| 005 - DATE AND TIME OF LATEST TRANSACTION |
| control field |
20241129095617.0 |
| 008 - ELEMENTOS DE LONGITUD FIJA |
| fixed length control field |
101008s1978 dr ac 001 0 spa d |
| 020 ## - ISBN |
| International Standard Book Number |
8449921511 |
| 040 ## - FUENTE DE CATALOGACIÓN |
| Agencia que crea de manera original el registro |
DO-SdBPM |
| Idioma de catalogación |
spa |
| Agencia que realiza la transcripción |
BPMSU |
| 049 ## - LOCAL HOLDINGS (OCLC) |
| Holding library |
|
| 082 #4 - NÚMERO DE CLASIFICACIÓN DECIMAL DE DEWEY |
| Classification number |
972.91 |
| Item number |
R696M, 1978 |
| Edition number |
22 |
| 100 1# - ASIENTO PRINCIPAL -- NOMBRE PERSONAL |
| Nombre personal |
Rodríguez Demorizi, Emilio, |
| Fechas asociadas con el nombre |
1908-1986 |
| 100 z# - ASIENTO PRINCIPAL -- NOMBRE PERSONAL |
| Nombre personal |
Demorizi, Emilio Rodríguez, |
| Fechas asociadas con el nombre |
1908-1986 |
| 100 z# - ASIENTO PRINCIPAL -- NOMBRE PERSONAL |
| Nombre personal |
Rodríguez Demorizi, E. |
| Forma completa del nombre |
(Emilio) |
| Fechas asociadas con el nombre |
1908-1986 |
| 245 10 - MENCIÓN DE TITULO |
| Título |
Maceo en Santo Domingo / |
| Mención de responsabilidad |
Emilio Rodríguez Demorizi. |
| 250 ## - MENCIÓN DE EDICION |
| Mención de edición |
2a ed. |
| 260 ## - PUBLICACIÓN, DISTRIBUCIÓN, ETC. (PIE DE IMPRENTA) |
| Lugar de publicación, distribución, etc |
Santo Domingo : |
| Nombre del editor, distribuidor, etc. |
Fundación Rodríguez Demorizi, |
| Fecha de publicación, distribución, etc |
1978. |
| 300 ## - DESCRIPCIÓN FÍSICA |
| Extensión |
442 p. ; |
| Dimensiones |
24 cm. |
| 490 0# - MENCIÓN DE SERIES |
| Mención de serie |
Fandación Rodríguez Demorizi, |
| Volume/sequential designation |
8 |
| 500 ## - NOTA GENERAL |
| Nota general |
Incluye índice onomástico |
| 500 ## - NOTA GENERAL |
| Nota general |
Incluye referencias bibliográficas y notas al pie de las páginas |
| 590 ## - NOTA LOCAL |
| Texto de la nota local |
Inventariado, 2024/VM |
| 600 14 - ENCABEZAMIENTO DE MATERIA--NOMBRE PERSONAL |
| Nombre personal |
MACEO, ANTONIO |
| Fechas asociadas con el nombre |
1845-1896 |
| 651 #4 - ENCABEZAMIENTO DE MATERIA--NOMBRE GEOGRÁFICO |
| Nombre geográfico |
Cuba |
| Subdivisión temática general |
Historia |
| Subdivisión cronológica |
Guerra de independencia, 1895-1898 |
| 651 #4 - ENCABEZAMIENTO DE MATERIA--NOMBRE GEOGRÁFICO |
| Nombre geográfico |
Santo Domingo (República Dominicana ) |
| Subdivisión temática general |
Historia |
| 710 2# - ASIENTO SECUNDARIO -- NOMBRE CORPORATIVO |
| Nombre corporativo o de jurisdicción |
Fudación Rodríguez Demorizi (República Dominicana) |
| 910 ## - VALIDACIÓN |
| Validación |
VMateo V. Control de calidad. BPMSU |
| 942 ## - ADDED ENTRY ELEMENTS (KOHA) |
| Source of classification or shelving scheme |
Dewey Decimal Classification |
| Koha item type |
Libros |